000 00789nam a2200205Ia 4500
003 GCL
008 140319s9999 xx 000 0 ara d
040 _aGCL /
_cGCL
082 0 4 _a344
_bم ب
100 1 _aمحمد عبدالجواد محمد
245 1 0 _aبحوث فى الشريعة الاسلامية والقانون حماية الامومة والطفولة فى المواثيق الدولية والشريعة الاسلامية /
_cمحمد عبدالجواد محمد
260 _a[S.N] :
_bمنشاة المعارف الاسلامية ،
_c1991
300 _a315 ص
490 _aالكتب القانونية
_v0
650 0 4 _aالقانون
650 0 4 _aالاطفال
650 0 4 _aالعمل والعمال
650 0 4 _aقانون العمل
942 _2ddc
_cBK
999 _c31946
_d31946